Départements en P - Statistiques

Statistiques générales
  • Ce quiz a été pris 74 fois
  • Le résultat moyen est 5 sur 6
Statistiques - réponses
Région Département % Correct
Île-de-France Paris
94%
Hauts-de-France Pas-de-Calais
88%
Nouvelle-Aquitaine Pyrénées-Atlantiques
80%
Occitanie Pyrénées-Orientales
78%
Auvergne-Rhône-Alpes Puy-de-Dôme
75%
Occitanie Hautes-Pyrénées
65%
Aucun quiz correspondant
Distribution des résultats
% des personnes avec chaque résultat
Percentile par nombre de réponses
Votre historique - résultats
Vous n’avez pas pris ce quiz